书目信息 |
| 题名: |
《中国图书馆分类法》(第四版)使用手册
|
|
| 作者: | ;中国图书馆分类法编辑委员会 编 | |
| 分册: | ||
| 出版信息: | 北京 北京图书馆出版社 1999 |
|
| 页数: | 510页 | |
| 开本: | 20cm | |
| 丛书名: | ||
| 单 册: | ||
| 中图分类: | G254.122-62 , G254 | |
| 科图分类: | ||
| 主题词: | 中国图书馆分类法--手册 , 中国图书馆分类法 | |
| 电子资源: | ||
| ISBN: | 7-5013-1623-6 | |
| 000 | 00883nam0 2200253 450 | |
| 001 | 1539826744 | |
| 005 | 20150128104657.40 | |
| 010 | @a7-5013-1623-6@dCNY39 | |
| 100 | @a19991118d1999 em y0chiy0110 ea | |
| 101 | 0 | @achi |
| 102 | @aCN@b110000 | |
| 105 | @ay z 000yy | |
| 200 | 1 | @a《中国图书馆分类法》(第四版)使用手册@A《 zhong guo tu shu guan fen lei fa 》 ( di si ban ) shi yong shou ce@f中国图书馆分类法编辑委员会编 |
| 210 | @a北京@c北京图书馆出版社@d1999 | |
| 215 | @a510页@d20cm | |
| 517 | 1 | @a中国图书馆分类法使用手册@Azhong guo tu shu guan fen lei fa shi yong shou ce |
| 606 | 0 | @a中国图书馆分类法@x手册 |
| 606 | 0 | @a中国图书馆分类法 |
| 610 | 0 | @a第4版 |
| 690 | @aG254.122-62@v3 | |
| 690 | @aG254@v4 | |
| 711 | 02 | @a中国图书馆分类法编辑委员会@Azhong guo tu shu guan fen lei fa bian ji wei yuan hui@4编 |
| 801 | 0 | @aCN@bTSSF@c20150128 |
| 905 | @aZUCC@dG254@eJY5 | |
| 《中国图书馆分类法》(第四版)使用手册/中国图书馆分类法编辑委员会编.-北京:北京图书馆出版社,1999 |
| 510页;20cm |
| ISBN 7-5013-1623-6:CNY39 |
| ● |
| 相关链接 |
|
|
|
|
正题名:《中国图书馆分类法》(第四版)使用手册
索取号:G254/JY5
 
预约/预借
| 序号 | 登录号 | 条形码 | 馆藏地/架位号 | 状态 | 备注 |
| 1 | 7859728 | 278597289 | 学院路分馆/ [索取号:G254/JY5] | 在馆 |